000 00261nam a22001217a 4500
008 170407b xxu||||| |||| 00| 0 eng d
041 _aeng
080 _a616
100 _a9
101 _aSHM
245 _aPATHOLOGY OF LIVER
_cMACDWEEN.R.N.M
942 _2udc
_cBK
999 _c10157
_d10157